Normal view
MARC view
Entry Corporate Name
001 - CONTROL NUMBER
- control field: 15333
003 - CONTROL NUMBER IDENTIFIER
- control field: ARRUPE
005 - DATE AND TIME OF LATEST TRANSACTION
- control field: 20150218134755.0
008 - FIXED-LENGTH DATA ELEMENTS
- fixed length control field: 150218|| aca||aabn | a|a d
040 ## - CATALOGING SOURCE
- Original cataloging agency: ARRUPE
- Transcribing agency: ARRUPE
110 ## - HEADING--CORPORATE NAME
- Corporate name or jurisdiction name as entry element: Catholic Church.
- Subordinate unit: Baraza la Maaskofu Katoliki wa Tanzania
- Date of meeting or treaty signing: (2009 :
- Location of meeting: Salaam, Tanzania)
670 ## - SOURCE DATA FOUND
- Source citation: Work cat.: (ARRUPE)0: The church and civil society :, 2009.